Name THE Valid Eurasian Country - Statistics

General Stats
  • This quiz has been taken 1,107 times
  • The average score is 9 of 16
Answer Stats
Name the Eurasian Country... Valid Country % Correct
with a flag that features a dragon Bhutan
84%
whose name translates to "White Russia" Belarus
77%
with the only non-rectangular flag Nepal
77%
with most Winter Olympic Medals (447) Norway
77%
that borders the Caspian Sea and the Persian Gulf Iran
74%
that has wild lions India
68%
that is the newest country in Eurasia (2008) Kosovo
62%
that contains the world’s largest desert that is not a sand desert Mongolia
62%
where every country bordering ends with -stan Uzbekistan
62%
with highest population density (excluding Macau) Monaco
58%
where the first World War started Bosnia and Herzegovina
53%
which placed 2nd in the FIFA World Cup 2018 Croatia
36%
with the lowest average elevation Maldives
33%
that has won the most Handball World Cups (6) France
27%
with the highest coffee consumtion Finland
18%
where the deepest cave in the world is located Georgia
12%
No matching quizzes found
Score Distribution
Percent of People with Each Score
Percentile by Number Answered
Your Score History
You have not taken this quiz